Electoral politics in South Asia (Record no. 523408)

MARC details
000 -LEADER
fixed length control field 00794nam a2200265Ia 4500
003 - CONTROL NUMBER IDENTIFIER
control field OSt
005 - DATE AND TIME OF LATEST TRANSACTION
control field 20220925192811.0
008 - FIXED-LENGTH DATA ELEMENTS--GENERAL INFORMATION
fixed length control field 220923b |||||||| |||| 00| 0 eng d
020 ## - INTERNATIONAL STANDARD BOOK NUMBER
International Standard Book Number 8170742234
037 ## - SOURCE OF ACQUISITION
Terms of availability General Book
040 ## - CATALOGING SOURCE
Original cataloging agency RTL
Transcribing agency RTL
Language of cataloging eng
041 ## - LANGUAGE CODE
Source of code eng
Language code of text/sound track or separate title eng
100 ## - MAIN ENTRY--PERSONAL NAME
Personal name Dass Suranjan
9 (RLIN) 246430
245 #0 - TITLE STATEMENT
Title Electoral politics in South Asia
260 ## - PUBLICATION, DISTRIBUTION, ETC.
Place of publication, distribution, etc. Calcutta
Name of publisher, distributor, etc. K P Bagchi
Date of publication, distribution, etc. 2000
300 ## - PHYSICAL DESCRIPTION
Extent xiii, 241p
Dimensions cm.
490 ## - SERIES STATEMENT
Series statement University of Calcutta, History^bDeptt. of-), Monograph; 18
650 ## - SUBJECT ADDED ENTRY--TOPICAL TERM
Topical term or geographic name entry element History South Asia
9 (RLIN) 246431
700 ## - ADDED ENTRY--PERSONAL NAME
Personal name Basu Subho Ed.
9 (RLIN) 246432
942 ## - ADDED ENTRY ELEMENTS (KOHA)
Classification part V49G:91.N9, P0
Koha item type General Books
Source of classification or shelving scheme Colon Classification (CC)

No items available.

Copyright @ Delhi University Library System